| 000 | 00487nam a22001817a 4500 | ||
|---|---|---|---|
| 003 | CEME | ||
| 005 | 20210628205044.0 | ||
| 008 | 210128b xxu||||| |||| 00| 0 eng d | ||
| 020 | _a0-07-451791-0 | ||
| 040 | _c. | ||
| 082 | _a621.38154 NAK | ||
| 100 |
_aNakra, B.C:Chaudhry, K.K _973670 |
||
| 245 | _aInstrumentation measurement and analysis | ||
| 260 |
_aNEW DELHI _bTATA MCGRAW HILL _c2002 |
||
| 300 | _aX,534P | ||
| 650 |
_aINSTRUMENTATION MEASUREMENT _973671 |
||
| 942 |
_cBK _2ddc |
||
| 999 |
_c579326 _d579326 |
||